La celestina / (Registro nro. 8765)
[ vista simple ]
| 000 -LIDER | |
|---|---|
| fixed length control field | 00947nam a22003017a 4500 |
| 001 - NÚMERO DE CONTROL | |
| Identificador de número de control | 0133 |
| 003 - IDENTIFICACDOR DE NÚMERO DE CONTROL | |
| control field | DO-SdBNP |
| 005 - DATE AND TIME OF LATEST TRANSACTION | |
| control field | 20221117113459.0 |
| 008 - ELEMENTOS DE LONGITUD FIJA | |
| fixed length control field | 151005b2009 sp 00| 0 spa d |
| 020 ## - ISBN | |
| International Standard Book Number | 9788495920058 |
| 040 ## - FUENTE DE CATALOGACIÓN | |
| Agencia que crea de manera original el registro | BPMSU |
| Idioma de catalogación | spa |
| Agencia que realiza la transcripción | BPMSU |
| 082 ## - NÚMERO DE CLASIFICACIÓN DECIMAL DE DEWEY | |
| Classification number | 862.2 |
| Item number | R741c 2009 |
| Edition number | 22 |
| 092 ## - LOCALLY ASSIGNED DEWEY DECIMAL CALL NUMBER | |
| Número de clasificación | XXXX |
| Número de ítem (Cutter) | XXXX |
| 100 1# - ASIENTO PRINCIPAL -- NOMBRE PERSONAL | |
| Nombre personal | Rojas, Fernando de |
| Fechas asociadas con el nombre | 1475?-1538? |
| 245 13 - MENCIÓN DE TITULO | |
| Título | La celestina / |
| Mención de responsabilidad | Fernando de Rojas ; edición Esther Borrego. |
| 250 ## - MENCIÓN DE EDICION | |
| Mención de edición | 3a. ed. |
| 260 ## - PUBLICACIÓN, DISTRIBUCIÓN, ETC. (PIE DE IMPRENTA) | |
| Lugar de publicación, distribución, etc | Madrid : |
| Nombre del editor, distribuidor, etc. | Cooperación editorial, |
| Fecha de publicación, distribución, etc | 2009. |
| 300 ## - DESCRIPCIÓN FÍSICA | |
| Extensión | 233 p. ; |
| Dimensiones | 21 cm. |
| 490 0# - MENCIÓN DE SERIES | |
| Mención de serie | Clásicos populares, |
| Volume/sequential designation | 7 |
| 500 ## - NOTA GENERAL | |
| Nota general | Incluye referencia bibliográficas y notas a pie de páginas |
| 521 1# - TARGET AUDIENCE NOTE | |
| Target audience note | A partir de los 12 años |
| 590 ## - NOTA LOCAL | |
| Enlace | Inventariado, 2022/VM |
| 650 #4 - ENCABEZAMIENTO DE MATERIA--TEMÁTICO | |
| Término temático o nombre geográfico como elemento de entrada | Teatro español-- Literatura juvenil |
| Subdivisión de forma | Literatura juvenil |
| 700 1# - ASIENTO SECUNDARIO -- NOMBRE PERSONAL | |
| Nombre personal | Borrego, Esther, |
| Mención de responsabilidad | dir. |
| 830 #0 - ASIENTO SECUNDARIO DE SERIE--TÍTULO UNIFORME | |
| Título uniforme | Clásicos populares |
| Número de la parte o sección de una obra | 7 |
| 910 ## - VALIDACIÓN | |
| Validación | Lockward/VMateo V./Validado |
| 942 ## - ADDED ENTRY ELEMENTS (KOHA) | |
| Source of classification or shelving scheme | Dewey Decimal Classification |
| Koha item type | Libros |
| Withdrawn status | Lost status | Source of classification or shelving scheme | Damaged status | Not for loan | Collection code | Home library | Current library | Date acquired | Source of acquisition | Full call number | Barcode | Date last seen | Price effective from | Koha item type |
|---|---|---|---|---|---|---|---|---|---|---|---|---|---|---|
| Dewey Decimal Classification | Colección Juvenil General | Biblioteca Pública Metropolitana Salomé Ureña | Biblioteca Pública Metropolitana Salomé Ureña | 11/17/2015 | Donación | BPMSU CG 862.2 R741c 2009 | BPMSU15110329 | 11/17/2015 | 11/17/2015 | Libros |